000 00425nam a22001697a 4500
005 20251212164140.0
008 251212b |||||||| |||| 00| 0 eng d
037 _cTB
040 _aAL
_cAL
041 _2URD
_aURD
100 _aKhan, Waheeduddin
_9856465
245 _aIslam aur asar-e-hazir
260 _c1987.
365 _b30.00
_cINR
942 _2CC
_cTB
_n0
999 _c1466349
_d1466349